[Event "chess.com Speed (Women)"]
[Site "Chess.com INT"]
[Date "2019.05.26"]
[Round "1.17"]
[White "Kosteniuk, Alexandra"]
[Black "Zatonskih, Anna"]
[Result "1-0"]
[WhiteElo "2546"]
[BlackElo "2424"]
[PlyCount "45"]
[EventDate "2019.05.22"]
[EventType "k.o. (blitz)"]
[EventRounds "3"]
[EventCountry "USA"]
[SourceTitle "CBM 190 Extra"]
[Source "ChessBase"]
[SourceDate "2019.07.15"]
[SourceVersion "1"]
[SourceVersionDate "2019.07.15"]
[SourceQuality "1"]

1. e4 e5 2. Nf3 Nf6 3. Nxe5 d6 4. Nf3 Nxe4 5. Bd3 Nf6 6. O-O Be7 7. c3 O-O 8.
Bc2 b6 9. d4 Bb7 10. Bg5 Nbd7 11. Nbd2 Re8 12. Re1 Bf8 13. Ne4 Be7 14. Ng3 Nd5
15. Bxe7 Rxe7 16. c4 Nf4 17. d5 a5 18. Qd4 Rxe1+ 19. Rxe1 Ng6 20. Nh5 Nde5 21.
Nxe5 dxe5 22. Rxe5 c5 23. Re8+ 1-0

[Event "chess.com Speed (Women)"]
[Site "Chess.com INT"]
[Date "2019.05.27"]
[Round "1.18"]
[White "Zatonskih, Anna"]
[Black "Kosteniuk, Alexandra"]
[Result "1-0"]
[WhiteElo "2424"]
[BlackElo "2546"]
[PlyCount "93"]
[EventDate "2019.05.22"]
[EventType "k.o. (blitz)"]
[EventRounds "3"]
[EventCountry "USA"]
[SourceTitle "CBM 190 Extra"]
[Source "ChessBase"]
[SourceDate "2019.07.15"]
[SourceVersion "1"]
[SourceVersionDate "2019.07.15"]
[SourceQuality "1"]

1. e4 e5 2. Nf3 Nc6 3. Bb5 a6 4. Ba4 Nf6 5. d3 b5 6. Bb3 Bc5 7. O-O O-O 8. c3
d6 9. a4 Bg4 10. Nbd2 Ne7 11. Re1 Ng6 12. h3 Bh5 13. Nf1 Nh4 14. N1h2 Nxf3+ 15.
Nxf3 Qd7 16. Be3 Bxe3 17. Rxe3 c5 18. g4 Bg6 19. Nh4 Kh8 20. Qf3 Qc6 21. g5 c4
22. gxf6 cxb3 23. fxg7+ Kxg7 24. Nf5+ Bxf5 25. Qxf5 f6 26. Kh2 Kh8 27. axb5
axb5 28. Rxa8 Qxa8 29. Qe6 Qc6 30. Qxb3 f5 31. Qd5 Qxd5 32. exd5 Ra8 33. d4 e4
34. Kg3 Ra2 35. Kf4 Rxb2 36. Kxf5 Rxf2+ 37. Ke6 Rf3 38. Rxe4 Rxc3 39. Kxd6 b4
40. Re7 b3 41. Rb7 Rxh3 42. Ke7 Re3+ 43. Kd8 Rd3 44. d6 Rxd4 45. d7 Kg7 46. Kc8
Rc4+ 47. Kb8 1-0

[Event "chess.com Speed (Women)"]
[Site "Chess.com INT"]
[Date "2019.05.26"]
[Round "1.19"]
[White "Kosteniuk, Alexandra"]
[Black "Zatonskih, Anna"]
[Result "1/2-1/2"]
[WhiteElo "2546"]
[BlackElo "2424"]
[PlyCount "109"]
[EventDate "2019.05.22"]
[EventType "k.o. (blitz)"]
[EventRounds "3"]
[EventCountry "USA"]
[SourceTitle "CBM 190 Extra"]
[Source "ChessBase"]
[SourceDate "2019.07.15"]
[SourceVersion "1"]
[SourceVersionDate "2019.07.15"]
[SourceQuality "1"]

1. e4 e5 2. Nf3 Nf6 3. Nxe5 d6 4. Nf3 Nxe4 5. Bd3 Nf6 6. O-O Be7 7. c3 O-O 8.
Bc2 Re8 9. d4 c6 10. Re1 Nbd7 11. Nbd2 Nf8 12. Nc4 Ne6 13. Qd3 g6 14. g3 Ng7
15. Ne3 Nf5 16. Qf1 Nxe3 17. fxe3 d5 18. Ne5 Be6 19. e4 c5 20. exd5 Nxd5 21.
dxc5 Bxc5+ 22. Kg2 Qc7 23. Nf3 Qb6 24. Ng5 Ne3+ 25. Bxe3 Bxe3 26. Nxe6 Rxe6 27.
Bb3 Rf6 28. Qc4 Rf8 29. Rf1 Kg7 30. Rxf6 Qxf6 31. Rf1 Qc6+ 32. Qxc6 bxc6 33.
Rd1 a5 34. Rd7 Bc1 35. Rc7 Bxb2 36. Rxc6 h5 37. Rc7 g5 38. Bd5 Kg6 39. c4 f5
40. h4 f4 41. Rc6+ Rf6 42. Be4+ Kg7 43. hxg5 Rxc6 44. Bxc6 fxg3 45. Kxg3 Kg6
46. Be8+ Kxg5 47. Kh3 Be5 48. a4 Bc7 49. c5 Bd8 50. c6 h4 51. Bd7 Kf4 52. c7
Bxc7 53. Kxh4 Ke5 54. Kh5 Kd4 55. Be8 1/2-1/2

[Event "chess.com Speed (Women)"]
[Site "Chess.com INT"]
[Date "2019.05.26"]
[Round "1.20"]
[White "Zatonskih, Anna"]
[Black "Kosteniuk, Alexandra"]
[Result "0-1"]
[WhiteElo "2424"]
[BlackElo "2546"]
[PlyCount "68"]
[EventDate "2019.05.22"]
[EventType "k.o. (blitz)"]
[EventRounds "3"]
[EventCountry "USA"]
[SourceTitle "CBM 190 Extra"]
[Source "ChessBase"]
[SourceDate "2019.07.15"]
[SourceVersion "1"]
[SourceVersionDate "2019.07.15"]
[SourceQuality "1"]

1. d4 Nf6 2. Nf3 e6 3. g3 b6 4. Bg2 Bb7 5. O-O Be7 6. c4 O-O 7. Nc3 Ne4 8. Bd2
f5 9. Re1 Bf6 10. Qc2 d6 11. Rad1 Nd7 12. Bc1 Nxc3 13. Qxc3 Be4 14. Qb3 Qe8 15.
e3 Qh5 16. Nd2 Bxg2 17. Kxg2 g5 18. Kg1 Bg7 19. Qd3 Rf6 20. Nf1 Raf8 21. Re2 e5
22. dxe5 Nxe5 23. Qd5+ Kh8 24. f4 Nf3+ 25. Kf2 Nxh2 26. b3 Ng4+ 27. Ke1 Rg6 28.
Bb2 Nf6 29. Qc6 gxf4 30. exf4 Ne4 31. Qxc7 Bxb2 32. Rxb2 Qf3 33. Re2 Qc3+ 34.
Nd2 Qxg3+ 0-1

[Event "chess.com Speed (Women)"]
[Site "Chess.com INT"]
[Date "2019.05.26"]
[Round "1.21"]
[White "Kosteniuk, Alexandra"]
[Black "Zatonskih, Anna"]
[Result "1-0"]
[WhiteElo "2546"]
[BlackElo "2424"]
[PlyCount "103"]
[EventDate "2019.05.22"]
[EventType "k.o. (blitz)"]
[EventRounds "3"]
[EventCountry "USA"]
[SourceTitle "CBM 190 Extra"]
[Source "ChessBase"]
[SourceDate "2019.07.15"]
[SourceVersion "1"]
[SourceVersionDate "2019.07.15"]
[SourceQuality "1"]

1. e4 d5 2. exd5 Qxd5 3. Nc3 Qd6 4. Nf3 c6 5. g3 Bg4 6. Bg2 Nf6 7. O-O e6 8. d3
Qd8 9. Bg5 Nbd7 10. h3 Bh5 11. Ne4 Be7 12. Re1 h6 13. Bd2 Bg6 14. Bc3 O-O 15.
Qe2 Re8 16. Rad1 Rc8 17. Ne5 Nxe5 18. Bxe5 Nd7 19. Bc3 Nc5 20. Nxc5 Bxc5 21.
Bxg7 Bxf2+ 22. Qxf2 Kxg7 23. Qxa7 Qc7 24. Qe3 c5 25. Qe5+ Qxe5 26. Rxe5 b6 27.
Rf1 Red8 28. h4 c4 29. dxc4 Rxc4 30. c3 Rg4 31. Re3 Rd2 32. Rf2 Rd1+ 33. Kh2
Ra4 34. a3 Ra5 35. Ref3 h5 36. Rf1 Rd2 37. R3f2 Rd6 38. Bf3 Re5 39. Bg2 Re3 40.
a4 Rd7 41. Ra1 Ra7 42. Bf3 f5 43. Kg2 e5 44. Re2 Rxe2+ 45. Bxe2 e4 46. Kf2 Kf6
47. Ke3 Ke5 48. b4 Bf7 49. a5 bxa5 50. Rxa5+ Rxa5 51. bxa5 Bd5 52. Bxh5 1-0

[Event "chess.com Speed (Women)"]
[Site "Chess.com INT"]
[Date "2019.05.26"]
[Round "1.22"]
[White "Zatonskih, Anna"]
[Black "Kosteniuk, Alexandra"]
[Result "0-1"]
[WhiteElo "2424"]
[BlackElo "2546"]
[PlyCount "98"]
[EventDate "2019.05.22"]
[EventType "k.o. (blitz)"]
[EventRounds "3"]
[EventCountry "USA"]
[SourceTitle "CBM 190 Extra"]
[Source "ChessBase"]
[SourceDate "2019.07.15"]
[SourceVersion "1"]
[SourceVersionDate "2019.07.15"]
[SourceQuality "1"]

1. e4 c5 2. g3 d5 3. exd5 Qxd5 4. Nf3 Bg4 5. Bg2 Qe6+ 6. Kf1 Nc6 7. h3 Bxf3 8.
Bxf3 Qd7 9. d3 Nf6 10. Nc3 e6 11. Kg1 Bd6 12. Bg5 Nd4 13. Bxf6 gxf6 14. Ne4 Be7
15. c3 Nxf3+ 16. Qxf3 f5 17. Nd2 O-O-O 18. d4 cxd4 19. cxd4 Qxd4 20. Nb3 Qd3
21. Kg2 Qxf3+ 22. Kxf3 Rd3+ 23. Ke2 Rhd8 24. Rac1+ Kb8 25. Rc2 R3d5 26. Rhc1 a5
27. Nd2 Bg5 28. f4 Bf6 29. Nc4 Ka7 30. b3 Rc8 31. a4 Be7 32. g4 Bb4 33. Ne3
Rxc2+ 34. Rxc2 Rd4 35. gxf5 exf5 36. Rc4 Rd2+ 37. Kf3 Rd3 38. Ke2 Rxb3 39. Nxf5
Rxh3 40. Nd4 Kb6 41. Rc1 Rc3 42. Rh1 Rc4 43. Rh6+ Kc5 44. Nb5 Rxf4 45. Rxh7 Kc4
46. Ke3 Rf1 47. Nd4 Re1+ 48. Kf2 Kxd4 49. Rh4+ Kc5 0-1

[Event "chess.com Speed (Women)"]
[Site "Chess.com INT"]
[Date "2019.05.26"]
[Round "1.23"]
[White "Kosteniuk, Alexandra"]
[Black "Zatonskih, Anna"]
[Result "1-0"]
[WhiteElo "2546"]
[BlackElo "2424"]
[PlyCount "45"]
[EventDate "2019.05.22"]
[EventType "k.o. (blitz)"]
[EventRounds "3"]
[EventCountry "USA"]
[SourceTitle "CBM 190 Extra"]
[Source "ChessBase"]
[SourceDate "2019.07.15"]
[SourceVersion "1"]
[SourceVersionDate "2019.07.15"]
[SourceQuality "1"]

1. Nf3 d5 2. g3 Nf6 3. Bg2 c5 4. O-O Nc6 5. d4 e6 6. b3 Be7 7. Bb2 O-O 8. dxc5
Bxc5 9. Nbd2 Be7 10. c4 a6 11. cxd5 Nxd5 12. Ne4 b6 13. Nd4 Bb7 14. Rc1 Rc8 15.
Nxc6 Bxc6 16. Qd4 f6 17. Rfd1 Nb4 18. Qe3 Qc7 19. Nc3 e5 20. Nd5 Qd6 21. Nxb6
Nd5 22. Bxd5+ Bxd5 23. Nxc8 1-0

[Event "chess.com Speed (Women)"]
[Site "Chess.com INT"]
[Date "2019.05.26"]
[Round "1.24"]
[White "Zatonskih, Anna"]
[Black "Kosteniuk, Alexandra"]
[Result "0-1"]
[WhiteElo "2424"]
[BlackElo "2546"]
[PlyCount "106"]
[EventDate "2019.05.22"]
[EventType "k.o. (blitz)"]
[EventRounds "3"]
[EventCountry "USA"]
[SourceTitle "CBM 190 Extra"]
[Source "ChessBase"]
[SourceDate "2019.07.15"]
[SourceVersion "1"]
[SourceVersionDate "2019.07.15"]
[SourceQuality "1"]

1. d4 Nf6 2. Nf3 e6 3. g3 b6 4. Bg2 Bb7 5. O-O Be7 6. Re1 O-O 7. c4 d5 8. cxd5
exd5 9. b3 Na6 10. Bb2 Ne4 11. Nc3 Bf6 12. Nxe4 dxe4 13. Ne5 c5 14. Rc1 Re8 15.
dxc5 Nxc5 16. Nc4 Bxb2 17. Nxb2 Qf6 18. Qc2 e3 19. f3 Rad8 20. Nc4 Bc8 21. Rcd1
Bf5 22. Qb2 Qxb2 23. Nxb2 Rd2 24. Nc4 Rxa2 25. Nxe3 Be6 26. b4 Nb3 27. Nd5 Bxd5
28. Rxd5 Kf8 29. Rd7 Raxe2 30. Rxe2 Rxe2 31. Rxa7 Nd4 32. f4 Rb2 33. Bd5 f5 34.
Rf7+ Ke8 35. Rxg7 h5 36. Rh7 h4 37. Rxh4 Rxb4 38. Rh7 Rb5 39. Bf7+ Kf8 40. h4
Rb1+ 41. Kf2 Rc1 42. Bd5 Rc5 43. Bf3 b5 44. h5 Rc3 45. Rb7 Rxf3+ 46. Kg2 Rc3
47. h6 Kg8 48. Kh3 Rc1 49. Kh4 Rg1 50. h7+ Kh8 51. Rd7 Nf3+ 52. Kh3 Re1 53. Rb7
Rb1 0-1

[Event "chess.com Speed (Women)"]
[Site "Chess.com INT"]
[Date "2019.05.26"]
[Round "1.25"]
[White "Kosteniuk, Alexandra"]
[Black "Zatonskih, Anna"]
[Result "1-0"]
[WhiteElo "2546"]
[BlackElo "2424"]
[PlyCount "73"]
[EventDate "2019.05.22"]
[EventType "k.o. (blitz)"]
[EventRounds "3"]
[EventCountry "USA"]
[SourceTitle "CBM 190 Extra"]
[Source "ChessBase"]
[SourceDate "2019.07.15"]
[SourceVersion "1"]
[SourceVersionDate "2019.07.15"]
[SourceQuality "1"]

1. Nf3 f5 2. d4 Nf6 3. g3 e6 4. Bg2 d5 5. O-O Bd6 6. c4 c6 7. b3 O-O 8. Nc3 Bd7
9. Bf4 Be8 10. Ne1 Bh5 11. Nd3 Ne4 12. Rc1 a5 13. f3 Nxc3 14. Rxc3 Bb4 15. Rc2
Nd7 16. c5 b6 17. Be3 bxc5 18. dxc5 e5 19. Qc1 e4 20. Nf4 Nf6 21. Ne6 Qe7 22.
Nxf8 Rxf8 23. a3 exf3 24. exf3 Bxa3 25. Qxa3 Qxe3+ 26. Kh1 d4 27. Qxa5 d3 28.
Qd2 Qd4 29. Rc4 Qd7 30. Rd1 Rd8 31. Rc3 f4 32. Rxd3 Qxd3 33. Qxd3 Rxd3 34. Rxd3
fxg3 35. hxg3 Bf7 36. b4 Bc4 37. Rd8+ 1-0

[Event "chess.com Speed (Women)"]
[Site "Chess.com INT"]
[Date "2019.05.26"]
[Round "1.26"]
[White "Zatonskih, Anna"]
[Black "Kosteniuk, Alexandra"]
[Result "0-1"]
[WhiteElo "2424"]
[BlackElo "2546"]
[PlyCount "74"]
[EventDate "2019.05.22"]
[EventType "k.o. (blitz)"]
[EventRounds "3"]
[EventCountry "USA"]
[SourceTitle "CBM 190 Extra"]
[Source "ChessBase"]
[SourceDate "2019.07.15"]
[SourceVersion "1"]
[SourceVersionDate "2019.07.15"]
[SourceQuality "1"]

1. e4 c5 2. d3 e6 3. g3 d5 4. exd5 exd5 5. Bg2 Nc6 6. Ne2 d4 7. O-O Nf6 8. c3
Be7 9. cxd4 cxd4 10. Nd2 O-O 11. Nb3 Bg4 12. h3 Be6 13. Nf4 Bf5 14. g4 Bg6 15.
Re1 Re8 16. a3 Bd6 17. Ne2 Ne5 18. Nf4 Qb6 19. Nxg6 Nxg6 20. Bd2 Nf4 21. Bxf4
Bxf4 22. a4 Qb4 23. Rxe8+ Rxe8 24. a5 Bb8 25. Rc1 Qd6 26. Rc4 Qh2+ 27. Kf1 h5
28. Nxd4 hxg4 29. hxg4 Qe5 30. Qe2 Qxa5 31. Qd1 Qg5 32. Nf5 g6 33. Ne3 Bf4 34.
Nc2 b5 35. Rd4 Be5 36. Rb4 Bd6 37. Rd4 Bc5 0-1

[Event "chess.com Speed (Women)"]
[Site "Chess.com INT"]
[Date "2019.05.26"]
[Round "1.27"]
[White "Kosteniuk, Alexandra"]
[Black "Zatonskih, Anna"]
[Result "1-0"]
[WhiteElo "2546"]
[BlackElo "2424"]
[PlyCount "121"]
[EventDate "2019.05.22"]
[EventType "k.o. (blitz)"]
[EventRounds "3"]
[EventCountry "USA"]
[SourceTitle "CBM 190 Extra"]
[Source "ChessBase"]
[SourceDate "2019.07.15"]
[SourceVersion "1"]
[SourceVersionDate "2019.07.15"]
[SourceQuality "1"]

1. e4 d5 2. exd5 Qxd5 3. Nc3 Qd6 4. Nf3 c6 5. d4 Bg4 6. Be2 Nf6 7. h3 Bh5 8.
Be3 Nbd7 9. Qd2 e6 10. O-O-O Qc7 11. g4 Bg6 12. Nh4 Bb4 13. Nxg6 hxg6 14. Bf3
Nd5 15. Bxd5 cxd5 16. Kb1 Qa5 17. Qd3 Bxc3 18. Qxc3 Qxc3 19. bxc3 Rc8 20. Rd3
Nb6 21. Bc1 Na4 22. Bb2 Kd7 23. h4 f6 24. Kc1 Rh7 25. Rdh3 Nb6 26. h5 Rch8 27.
Kd1 Na4 28. Bc1 Nxc3+ 29. Rxc3 gxh5 30. gxh5 Rxh5 31. Rxh5 Rxh5 32. Rg3 g5 33.
Ba3 Rh1+ 34. Kd2 Ra1 35. Rb3 b6 36. Rb2 e5 37. dxe5 fxe5 38. Bf8 Ke6 39. Ke2
Kf5 40. Bd6 g4 41. Bb8 a6 42. Rxb6 Rxa2 43. Kd2 d4 44. Rd6 Rb2 45. Bc7 Rb7 46.
Rc6 Ke4 47. Rc5 Kf3 48. Bxe5 Kxf2 49. Bxd4+ Kf3 50. Kd3 g3 51. Rf5+ Kg2 52. Rg5
Rf7 53. Be5 Rf3+ 54. Kd4 Kf2 55. Rxg3 Rxg3 56. Bxg3+ Kxg3 57. c4 a5 58. c5 a4
59. c6 a3 60. Kc3 a2 61. Kb2 1-0

[Event "chess.com Speed (Women)"]
[Site "Chess.com INT"]
[Date "2019.05.26"]
[Round "1.28"]
[White "Zatonskih, Anna"]
[Black "Kosteniuk, Alexandra"]
[Result "1-0"]
[WhiteElo "2424"]
[BlackElo "2546"]
[PlyCount "121"]
[EventDate "2019.05.22"]
[EventType "k.o. (blitz)"]
[EventRounds "3"]
[EventCountry "USA"]
[SourceTitle "CBM 190 Extra"]
[Source "ChessBase"]
[SourceDate "2019.07.15"]
[SourceVersion "1"]
[SourceVersionDate "2019.07.15"]
[SourceQuality "1"]

1. e4 c5 2. d3 b6 3. g3 Bb7 4. Bg2 d5 5. f4 dxe4 6. dxe4 Qxd1+ 7. Kxd1 Nf6 8.
Nd2 Nc6 9. c3 Ng4 10. Ke2 f5 11. Ngf3 Ba6+ 12. c4 fxe4 13. Ne5 Ngxe5 14. fxe5
Nxe5 15. Bxe4 O-O-O 16. b3 Bb7 17. Bb2 Rxd2+ 18. Kxd2 Bxe4 19. Bxe5 Bxh1 20.
Rxh1 Rg8 21. Rf1 Kd7 22. Ke3 g6 23. Ke4 Ke6 24. Bb8 Bg7 25. Bxa7 Ra8 26. Bxb6
Rxa2 27. Bxc5 Rxh2 28. Bd4 Bxd4 29. Kxd4 Rb2 30. Rf3 h5 31. c5 g5 32. Re3+ Kd7
33. Kd5 Rd2+ 34. Kc4 Rc2+ 35. Kb5 Rg2 36. b4 h4 37. gxh4 gxh4 38. Rh3 Rg4 39.
Rd3+ Kc7 40. Re3 Kd7 41. Re5 h3 42. Rh5 Rg3 43. Kb6 Rb3 44. c6+ Kd6 45. Rh6+
Kd5 46. b5 Kc4 47. Rh4+ Kd5 48. c7 Rc3 49. Kb7 e5 50. b6 e4 51. Rxh3 Rxh3 52.
c8=Q Rd3 53. Qf5+ Kd4 54. Ka6 e3 55. Qf3 Rd2 56. Qf4+ Kd3 57. Qf5+ Kc3 58. Qe5+
Kd3 59. b7 Ra2+ 60. Kb6 e2 61. b8=Q 1-0

[Event "chess.com Speed (Women)"]
[Site "Chess.com INT"]
[Date "2019.06.23"]
[Round "2.1"]
[White "Kosteniuk, Alexandra"]
[Black "Gunina, Valentina"]
[Result "0-1"]
[WhiteElo "2546"]
[BlackElo "2506"]
[PlyCount "76"]
[EventDate "2019.05.22"]
[EventType "k.o. (blitz)"]
[EventRounds "3"]
[EventCountry "USA"]
[SourceTitle "EXT 2020"]
[Source "ChessBase"]
[SourceDate "2019.10.17"]
[SourceVersion "1"]
[SourceVersionDate "2019.10.17"]
[SourceQuality "1"]

1. Nf3 d5 2. g3 c6 3. Bg2 Bg4 4. O-O Nd7 5. d4 Ngf6 6. h3 Bxf3 7. Bxf3 e5 8. c4
dxc4 9. Nc3 Bb4 10. d5 Bxc3 11. bxc3 O-O 12. dxc6 bxc6 13. Bxc6 Rc8 14. Bg2 Qa5
15. Qc2 h6 16. a4 Nc5 17. Ba3 Rfd8 18. Bb4 Qc7 19. a5 Nb3 20. Rad1 Nxa5 21. Qa4
Nb3 22. Qa6 e4 23. h4 e3 24. Bd6 exf2+ 25. Rxf2 Qd7 26. Qa3 Qe6 27. e4 Nxe4 28.
Bxe4 Qxe4 29. Qxa7 Qg6 30. Qe7 Re8 31. Qb7 Rcd8 32. Kg2 Nc5 33. Bxc5 Rxd1 34.
Bd4 Ree1 35. Ra2 Kh7 36. Qf3 Rd3 37. Qf4 h5 38. Rb2 Re4 0-1

[Event "chess.com Speed (Women)"]
[Site "Chess.com INT"]
[Date "2019.06.23"]
[Round "2.2"]
[White "Gunina, Valentina"]
[Black "Kosteniuk, Alexandra"]
[Result "0-1"]
[WhiteElo "2506"]
[BlackElo "2546"]
[PlyCount "90"]
[EventDate "2019.05.22"]
[EventType "k.o. (blitz)"]
[EventRounds "3"]
[EventCountry "USA"]
[SourceTitle "EXT 2020"]
[Source "ChessBase"]
[SourceDate "2019.10.17"]
[SourceVersion "1"]
[SourceVersionDate "2019.10.17"]
[SourceQuality "1"]

1. e4 c5 2. Nf3 d6 3. Bb5+ Nd7 4. O-O g6 5. Re1 Bg7 6. d4 cxd4 7. Nxd4 Ngf6 8.
Nc3 O-O 9. h3 Nc5 10. Bf1 a6 11. a3 b5 12. Nd5 Bb7 13. Nxf6+ Bxf6 14. Bh6 Re8
15. f3 Qb6 16. Be3 Qc7 17. Rc1 Na4 18. Rb1 Rac8 19. c4 e5 20. Ne2 Nb6 21. cxb5
axb5 22. Nc3 d5 23. Nxb5 Qd8 24. exd5 Nxd5 25. Bf2 Re6 26. a4 Be7 27. Qb3 Qa5
28. Rbd1 Bb4 29. Re4 Bc5 30. Rxd5 Bxf2+ 31. Kxf2 Bxd5 32. Qxd5 Rc2+ 33. Re2
Qxa4 34. Nc3 Qa7+ 35. Kg3 Rc1 36. Rf2 h5 37. Qe4 Kg7 38. Bc4 Re8 39. h4 f5 40.
Qe2 e4 41. fxe4 Qc7+ 42. Rf4 Rxc3+ 43. bxc3 Rxe4 44. Qd2 Rxc4 45. Kf3 Rxc3+ 0-1

[Event "chess.com Speed (Women)"]
[Site "Chess.com INT"]
[Date "2019.06.23"]
[Round "2.3"]
[White "Kosteniuk, Alexandra"]
[Black "Gunina, Valentina"]
[Result "1-0"]
[WhiteElo "2546"]
[BlackElo "2506"]
[PlyCount "85"]
[EventDate "2019.05.22"]
[EventType "k.o. (blitz)"]
[EventRounds "3"]
[EventCountry "USA"]
[SourceTitle "EXT 2020"]
[Source "ChessBase"]
[SourceDate "2019.10.17"]
[SourceVersion "1"]
[SourceVersionDate "2019.10.17"]
[SourceQuality "1"]

1. e4 c6 2. c4 d5 3. exd5 cxd5 4. cxd5 Nf6 5. Nf3 g6 6. Nc3 Bg7 7. Bc4 O-O 8.
O-O a6 9. a4 Nbd7 10. d3 Nb6 11. Qb3 Bg4 12. Ne5 Bf5 13. Re1 Qd6 14. Be3 Nbd7
15. d4 Nxe5 16. dxe5 Qxe5 17. Bc5 Qf4 18. g3 Qh6 19. Bxe7 Ng4 20. h4 Bd4 21.
Nd1 Rfe8 22. d6 Qd2 23. Re2 Qa5 24. Bxf7+ Kg7 25. Bxe8 Rxe8 26. Qxb7 Bc8 27.
Bf8+ Kg8 28. Qb3+ Kxf8 29. Rxe8+ Kxe8 30. Qg8+ Kd7 31. Qxh7+ Kxd6 32. Qxg6+ Be6
33. Qe4 Qd2 34. Qf4+ Qxf4 35. gxf4 Bf6 36. Ne3 Bxb2 37. Rd1+ Ke7 38. Re1 Kf6
39. Kg2 Bd4 40. Nxg4+ Bxg4 41. Kg3 Bf5 42. Rd1 Bc5 43. Rc1 1-0

[Event "chess.com Speed (Women)"]
[Site "Chess.com INT"]
[Date "2019.06.23"]
[Round "2.4"]
[White "Gunina, Valentina"]
[Black "Kosteniuk, Alexandra"]
[Result "0-1"]
[WhiteElo "2506"]
[BlackElo "2546"]
[PlyCount "72"]
[EventDate "2019.05.22"]
[EventType "k.o. (blitz)"]
[EventRounds "3"]
[EventCountry "USA"]
[SourceTitle "EXT 2020"]
[Source "ChessBase"]
[SourceDate "2019.10.17"]
[SourceVersion "1"]
[SourceVersionDate "2019.10.17"]
[SourceQuality "1"]

1. d4 Nf6 2. c4 e6 3. Nf3 d5 4. g3 dxc4 5. Bg2 Nc6 6. O-O Rb8 7. Bg5 Be7 8. Qc1
Nxd4 9. Nxd4 Qxd4 10. Be3 Qg4 11. h3 Qxe2 12. Nc3 Qh5 13. Bxa7 Ra8 14. Be3 O-O
15. g4 Qa5 16. Rd1 c6 17. Bg5 Re8 18. Ne2 Qa6 19. Nf4 Nd5 20. Bxe7 Rxe7 21. Nh5
f6 22. Bf1 b5 23. a4 Qb6 24. Qc2 Rea7 25. b3 cxb3 26. Qxb3 Rxa4 27. Rxa4 Rxa4
28. Bd3 Qa7 29. Bb1 g6 30. Nxf6+ Nxf6 31. Rd8+ Kf7 32. Rxc8 Qd7 33. Rh8 Rd4 34.
g5 Rd1+ 35. Kg2 Qd5+ 36. Qxd5 exd5 0-1

[Event "chess.com Speed (Women)"]
[Site "Chess.com INT"]
[Date "2019.06.23"]
[Round "2.5"]
[White "Kosteniuk, Alexandra"]
[Black "Gunina, Valentina"]
[Result "1-0"]
[WhiteElo "2546"]
[BlackElo "2506"]
[PlyCount "71"]
[EventDate "2019.05.22"]
[EventType "k.o. (blitz)"]
[EventRounds "3"]
[EventCountry "USA"]
[SourceTitle "EXT 2020"]
[Source "ChessBase"]
[SourceDate "2019.10.17"]
[SourceVersion "1"]
[SourceVersionDate "2019.10.17"]
[SourceQuality "1"]

1. e4 e5 2. Nf3 Nc6 3. Bb5 Nf6 4. O-O Nxe4 5. d4 Nd6 6. Bxc6 dxc6 7. dxe5 Nf5
8. Qxd8+ Kxd8 9. Rd1+ Ke8 10. Nc3 Be7 11. Ne4 Nh4 12. Nd4 Nf5 13. Ne2 b6 14. b3
Bb7 15. Nf4 c5 16. Re1 Nd4 17. Nd6+ Kd7 18. Nxf7 Nxc2 19. e6+ Kc8 20. Nxh8 Nxe1
21. Bb2 Nc2 22. Rd1 Bc6 23. Bxg7 Kb7 24. Nf7 Rg8 25. Be5 Nb4 26. a3 Nc2 27. a4
Nb4 28. h3 a5 29. g4 Na6 30. Nd5 Bh4 31. Nf6 Bxf6 32. Bxf6 Bf3 33. Rd3 Be4 34.
Rd7 Re8 35. Nd6+ Kc6 36. Nxe8 1-0

[Event "chess.com Speed (Women)"]
[Site "Chess.com INT"]
[Date "2019.06.23"]
[Round "2.6"]
[White "Gunina, Valentina"]
[Black "Kosteniuk, Alexandra"]
[Result "1-0"]
[WhiteElo "2506"]
[BlackElo "2546"]
[PlyCount "65"]
[EventDate "2019.05.22"]
[EventType "k.o. (blitz)"]
[EventRounds "3"]
[EventCountry "USA"]
[SourceTitle "EXT 2020"]
[Source "ChessBase"]
[SourceDate "2019.10.17"]
[SourceVersion "1"]
[SourceVersionDate "2019.10.17"]
[SourceQuality "1"]

1. e4 c5 2. Nf3 d6 3. d4 cxd4 4. Nxd4 Nf6 5. Nc3 Nc6 6. Be2 e5 7. Nf3 Be7 8.
O-O h6 9. h3 O-O 10. Be3 Be6 11. Qd2 d5 12. exd5 Nxd5 13. Nxd5 Qxd5 14. Qxd5
Bxd5 15. Rfd1 Rfd8 16. c3 f6 17. Rxd5 Rxd5 18. Bc4 Rad8 19. Rd1 e4 20. Rxd5 Kf8
21. Rxd8+ Bxd8 22. Nd2 f5 23. g4 Ne5 24. Be6 fxg4 25. hxg4 Ke7 26. Bf5 Nd3 27.
Bxe4 Nxb2 28. Bxa7 b6 29. Bb8 Nd1 30. Be5 Kf7 31. Bd5+ Kg6 32. c4 Bg5 33. Ne4
1-0

[Event "chess.com Speed (Women)"]
[Site "Chess.com INT"]
[Date "2019.06.23"]
[Round "2.7"]
[White "Kosteniuk, Alexandra"]
[Black "Gunina, Valentina"]
[Result "1/2-1/2"]
[WhiteElo "2546"]
[BlackElo "2506"]
[PlyCount "68"]
[EventDate "2019.05.22"]
[EventType "k.o. (blitz)"]
[EventRounds "3"]
[EventCountry "USA"]
[SourceTitle "EXT 2020"]
[Source "ChessBase"]
[SourceDate "2019.10.17"]
[SourceVersion "1"]
[SourceVersionDate "2019.10.17"]
[SourceQuality "1"]

1. e4 c6 2. c4 d5 3. cxd5 cxd5 4. exd5 Nf6 5. Nc3 Nxd5 6. Nf3 g6 7. Bb5+ Nc6 8.
Qa4 Nb6 9. Qh4 Bg7 10. d4 O-O 11. Bxc6 bxc6 12. O-O Bf5 13. Bh6 e6 14. Bxg7
Qxh4 15. Nxh4 Kxg7 16. Nxf5+ gxf5 17. Rfc1 Rfd8 18. Ne2 Rac8 19. Rc2 Nd5 20.
Rac1 Rb8 21. b3 Nb4 22. Rd2 Rd5 23. f4 Rbd8 24. a3 Na6 25. Rxc6 Nc5 26. Nc3
Nxb3 27. Rb2 Nxd4 28. Rc7 R5d7 29. Rbb7 Rxc7 30. Rxc7 Rb8 31. Rd7 Nc6 32. Rc7
Nd4 33. Rd7 Nc6 34. Rc7 Nd4 1/2-1/2

[Event "chess.com Speed (Women)"]
[Site "Chess.com INT"]
[Date "2019.06.23"]
[Round "2.8"]
[White "Gunina, Valentina"]
[Black "Kosteniuk, Alexandra"]
[Result "1/2-1/2"]
[WhiteElo "2506"]
[BlackElo "2546"]
[PlyCount "81"]
[EventDate "2019.05.22"]
[EventType "k.o. (blitz)"]
[EventRounds "3"]
[EventCountry "USA"]
[SourceTitle "EXT 2020"]
[Source "ChessBase"]
[SourceDate "2019.10.17"]
[SourceVersion "1"]
[SourceVersionDate "2019.10.17"]
[SourceQuality "1"]

1. d4 Nf6 2. c4 e6 3. Nf3 d5 4. g3 dxc4 5. Bg2 Nc6 6. O-O Rb8 7. Bg5 Be7 8. e3
Nd5 9. Bxe7 Ndxe7 10. a4 O-O 11. Qc2 Na5 12. Nbd2 c5 13. dxc5 Qc7 14. Ng5 Ng6
15. Nge4 f5 16. Nd6 Qxc5 17. N6xc4 Nxc4 18. Qxc4 b6 19. Qb3 Qe7 20. Nf3 Kh8 21.
Nd4 Qe8 22. Rac1 e5 23. Nc6 Rb7 24. Rfd1 Rd7 25. Rxd7 Bxd7 26. Nxa7 f4 27. Qxb6
Qf7 28. exf4 exf4 29. a5 Ne5 30. Qd4 fxg3 31. hxg3 Nf3+ 32. Bxf3 Qxf3 33. Rc3
Qe2 34. Rc7 Qe1+ 35. Kg2 Bh3+ 36. Kxh3 Qh1+ 37. Kg4 Qf3+ 38. Kh4 Qh1+ 39. Kg4
Qf3+ 40. Kh4 Qh1+ 41. Kg4 1/2-1/2